Normal view
MARC view
Entry Personal Name
001 - CONTROL NUMBER
- control field: 63510
003 - CONTROL NUMBER IDENTIFIER
- control field: dpl
005 - DATE AND TIME OF LATEST TRANSACTION
- control field: 20240318162801.0
008 - FIXED-LENGTH DATA ELEMENTS
- fixed length control field: 240318|| aca||aabn | a|a d
040 ## - CATALOGING SOURCE
- Original cataloging agency: dpl
- Transcribing agency: dpl
100 ## - HEADING--PERSONAL NAME
- Personal name: Bhattacharya, Soumya
670 ## - SOURCE DATA FOUND
- Source citation: Work cat.: (dpl)38106: Bhattacharya, Soumya, If i could tell you /, 2009
